[Event "ISL-chT1 1920"]
[Site "Reykjavik"]
[Date "2019.10.06"]
[Round "5.5"]
[White "Thorfinnsson, Bjorn"]
[Black "Salama, Omar"]
[Result "1-0"]
[WhiteElo "2395"]
[BlackElo "2207"]
[PlyCount "121"]
[EventDate "2019.10.03"]
[EventType "team-tourn"]
[EventRounds "9"]
[EventCountry "ISL"]
[SourceTitle "CBM 195 Extra"]
[Source "ChessBase"]
[SourceDate "2020.05.31"]
[SourceVersion "1"]
[SourceVersionDate "2020.05.31"]
[SourceQuality "1"]
[WhiteTeam "Vikingaklubburinn"]
[BlackTeam "Taflfelag Reykjavikur"]
[WhiteTeamCountry "ISL"]
[BlackTeamCountry "ISL"]

1. c4 Nf6 2. g3 g6 3. Bg2 Bg7 4. Nf3 0-0 5. 0-0 d6 6. Nc3 Nc6 7. d4 e5 8. dxe5 Nxe5 9. Nxe5 dxe5 10. b3 c6 11. Ba3 Qxd1 12. Raxd1 Re8 13. Rd2 Bf8 14. Bd6 Bxd6 15. Rxd6 Be6 16. Rfd1 Re7 17. Na4 Nd7 18. e3 Rb8 19. Nc3 Nc5 20. b4 Na6 21. Rd8+ Rxd8 22. Rxd8+ Kg7 23. a3 Bxc4 24. Ra8 Rd7 25. Bf1 Bxf1 26. Kxf1 Rd3 27. Ne4 Rxa3 28. Rxa7 Ra4 29. Nd6 Rxb4 30. Nxb7 Rb1+ 31. Kg2 Kg8 32. Nd8 Nc5 33. Nxf7 Nd3 34. Nh6+ Kf8 35. Rf7+ Ke8 36. Rxh7 Rb2 37. Ng4 c5 38. Nf6+ Kf8 39. Ne4 c4 40. Rc7 Rc2 41. g4 Nb4 42. Kg3 Rc1 43. Kh4 Na6 44. Ra7 Nb4 45. Kg5 c3 46. Nf6 Nc6 47. Rc7 Ne7 48. e4 Rf1 49. Nd7+ Ke8 50. Nxe5 Rxf2 51. h4 c2 52. Nxg6 Kd8 53. Rc5 Nc8 54. e5 Nb6 55. e6 Rd2 56. Rc6 Rd5+ 57. Kf6 Nd7+ 58. Kf7 Ne5+ 59. Nxe5 Rd7+ 60. exd7 c1Q 61. Rc8+ 1-0

[Event "ISL-chT1 1819"]
[Site "Reykjavik"]
[Date "2018.11.10"]
[Round "3.5"]
[White "Salama, Omar"]
[Black "Sigurjonsson, Siguringi"]
[Result "0-1"]
[WhiteElo "2233"]
[BlackElo "2071"]
[PlyCount "92"]
[EventDate "2018.11.08"]
[EventType "team-tourn"]
[EventRounds "9"]
[EventCountry "ISL"]
[SourceTitle "CBM 187 Extra"]
[Source "ChessBase"]
[SourceDate "2018.11.04"]
[SourceVersion "1"]
[SourceVersionDate "2018.11.04"]
[SourceQuality "1"]
[WhiteTeam "Taflfelag Reykjavikur"]
[BlackTeam "Breidjablik Bolungavik"]
[WhiteTeamCountry "ISL"]
[BlackTeamCountry "ISL"]

1. d4 d6 2. c4 e5 3. Nf3 e4 4. Ng5 f5 5. g3 h6 6. Nh3 g5 7. Bg2 Nf6 8. Nc3 Qe7 9. Qc2 Nc6 10. d5 Nd4 11. Qd1 Nf3+ 12. exf3 exf3+ 13. Kf1 fxg2+ 14. Kxg2 Kd8 15. Re1 Qf7 16. f3 Bd7 17. Nf2 c6 18. Qb3 Kc7 19. Bd2 Be7 20. c5 Raf8 21. dxc6 Bxc6 22. cxd6+ Bxd6 23. Nb5+ Bxb5 24. Qxb5 Qd5 25. Ba5+ b6 26. Qa6 Qxa5 27. Rac1+ Kb8 28. Qd3 Rd8 29. Qb3 Qd5 30. Qc3 Rhf8 31. Rcd1 Qc5 32. Qb3 g4 33. Re6 gxf3+ 34. Qxf3 Ng4 35. Nxg4 fxg4 36. Qxg4 Rf2+ 37. Kh3 Qc2 38. Rh1 Qxb2 39. Rxh6 Rh8 40. Qg6 Rxh6+ 41. Qxh6 Qe5 42. Qg6 Rf6 43. Qg8+ Rf8 44. Qc4 Qh5+ 45. Qh4 Qf5+ 46. Qg4 Rh8+ 0-1

[Event "ISL-chT1 1819"]
[Site "Reykjavik"]
[Date "2018.11.10"]
[Round "4.2"]
[White "Torngren, Gustav"]
[Black "Salama, Omar"]
[Result "1/2-1/2"]
[WhiteElo "2090"]
[BlackElo "2233"]
[PlyCount "29"]
[EventDate "2018.11.08"]
[EventType "team-tourn"]
[EventRounds "9"]
[EventCountry "ISL"]
[SourceTitle "CBM 187 Extra"]
[Source "ChessBase"]
[SourceDate "2018.11.04"]
[SourceVersion "1"]
[SourceVersionDate "2018.11.04"]
[SourceQuality "1"]
[WhiteTeam "Taflfelag Gardjabaejar"]
[BlackTeam "Taflfelag Reykjavikur"]
[WhiteTeamCountry "ISL"]
[BlackTeamCountry "ISL"]

1. d4 Nf6 2. c4 g6 3. Nc3 Bg7 4. e4 d6 5. Be2 0-0 6. Nf3 c5 7. d5 b5 8. cxb5 a6 9. 0-0 axb5 10. Bxb5 Ba6 11. Re1 Qb6 12. a4 Bxb5 13. Nxb5 Nfd7 14. Qe2 Na6 15. Nd2 1/2-1/2

[Event "ISL-chT1 1819"]
[Site "Reykjavik"]
[Date "2018.11.08"]
[Round "1.5"]
[White "Gunnarsson, Jon Viktor"]
[Black "Salama, Omar"]
[Result "1/2-1/2"]
[WhiteElo "2465"]
[BlackElo "2233"]
[PlyCount "105"]
[EventDate "2018.11.08"]
[EventType "team-tourn"]
[EventRounds "9"]
[EventCountry "ISL"]
[SourceTitle "CBM 187 Extra"]
[Source "ChessBase"]
[SourceDate "2018.11.04"]
[SourceVersion "1"]
[SourceVersionDate "2018.11.04"]
[SourceQuality "1"]
[WhiteTeam "Vikingaklubburinn"]
[BlackTeam "Taflfelag Reykjavikur"]
[WhiteTeamCountry "ISL"]
[BlackTeamCountry "ISL"]

1. e4 c5 2. Nf3 Nc6 3. Bb5 g6 4. Bxc6 dxc6 5. d3 Bg7 6. h3 Nf6 7. Nc3 0-0 8. 0-0 h6 9. Be3 b6 10. a4 a5 11. Nd2 e5 12. Nc4 Nh5 13. Ne2 Be6 14. Nd2 Qh4 15. Nf3 Qe7 16. g4 f5 17. gxh5 f4 18. Kh2 fxe3 19. fxe3 g5 20. Ng3 g4 21. Ng1 Qg5 22. Qe2 gxh3 23. Nxh3 Qh4 24. Nf5 Bxf5 25. exf5 e4 26. d4 Kh8 27. Rf4 Qe7 28. c3 cxd4 29. cxd4 c5 30. Rg1 cxd4 31. exd4 Bxd4 32. Rg6 Rf6 33. Rxe4 Qd6+ 34. Kg2 Qc6 35. Qf3 Bxb2 36. Nf4 Rd8 37. Kg3 Qc1 38. Re6 Rxe6 39. fxe6 Qg1+ 40. Kh3 Qb1 41. Rxh6+ Kg7 42. Rg6+ Kh7 43. Nd5 Rf8 44. Nf6+ Bxf6 45. Rxf6 Rxf6 46. Qxf6 Qh1+ 47. Kg4 Qg2+ 48. Kf4 Qf2+ 49. Ke5 Qb2+ 50. Kf5 Qc2+ 51. Kg4 Qg2+ 52. Kf4 Qf2+ 53. Kg5 1/2-1/2

[Event "EU-Cup 34th"]
[Site "Porto Carras"]
[Date "2018.10.12"]
[Round "1.6"]
[White "Sparwel, Oliver"]
[Black "Salama, Omar"]
[Result "0-1"]
[WhiteElo "1940"]
[BlackElo "2254"]
[PlyCount "80"]
[EventDate "2018.10.12"]
[EventType "team-swiss"]
[EventRounds "7"]
[EventCountry "GRE"]
[SourceTitle "CBM 187"]
[Source "ChessBase"]
[SourceDate "2018.12.11"]
[SourceVersion "1"]
[SourceVersionDate "2018.12.11"]
[SourceQuality "1"]
[WhiteTeam "Echternach Sprenger"]
[BlackTeam "Reykjavik"]
[WhiteTeamCountry "LUX"]
[BlackTeamCountry "ISL"]

1. d4 Nf6 2. Nf3 c5 3. e3 e6 4. c3 Be7 5. dxc5 Bxc5 6. b4 Be7 7. a3 0-0 8. Bd3 a5 9. Bb2 d5 10. Nbd2 Nbd7 11. 0-0 b6 12. e4 dxe4 13. Nxe4 Bb7 14. Re1 Qc7 15. Qb3 Rac8 16. c4 Bxe4 17. Bxe4 Qxc4 18. Qxc4 Rxc4 19. Bd3 Rcc8 20. bxa5 Nc5 21. Bb5 bxa5 22. Nd4 Nd5 23. a4 Bf6 24. Rab1 Nb4 25. Bc3 Nbd3 26. Red1 Nxf2 27. Bxa5 Nxd1 28. Rxd1 Bxd4+ 29. Rxd4 Nb3 30. Bb6 Nxd4 31. Bxd4 Rfd8 32. Bb6 Rd2 33. h3 Rcc2 34. a5 Rxg2+ 35. Kh1 Rgd2 36. a6 Rc1+ 37. Bg1 Ra1 38. Bc4 Rdd1 39. a7 Rxg1+ 40. Kh2 Rgc1 0-1

[Event "ISL-chT2 1011"]
[Site "Reykjavik"]
[Date "2011.03.05"]
[Round "7.3"]
[White "Gunnarsson, Magnus"]
[Black "Salama, Omar"]
[Result "0-1"]
[WhiteElo "2124"]
[BlackElo "2273"]
[PlyCount "46"]
[EventDate "2010.10.08"]
[EventType "team"]
[EventRounds "7"]
[EventCountry "ISL"]
[SourceTitle "EXT 2014"]
[Source "ChessBase"]
[SourceDate "2013.11.20"]
[SourceVersion "1"]
[SourceVersionDate "2013.11.20"]
[SourceQuality "1"]

1. d4 Nf6 2. c4 g6 3. Nc3 Bg7 4. e4 d6 5. Be2 0-0 6. f4 c5 7. Nf3 cxd4 8. Nxd4 Nc6 9. Be3 Bd7 10. 0-0 Rc8 11. Qd2 a6 12. h3 Re8 13. Rad1 Qa5 14. Nb3 Qc7 15. c5 Be6 16. cxd6 exd6 17. Qxd6 Qxd6 18. Rxd6 Bxb3 19. axb3 Nxe4 20. Nxe4 Rxe4 21. Rf3 Rce8 22. Kf2 Bd4 23. Bxd4 Rxe2+ 0-1

[Event "ISL-chT 0910"]
[Site "Reykjavik"]
[Date "2010.03.05"]
[Round "5"]
[White "Kveinys, Aloyzas"]
[Black "Salama, Omar"]
[Result "1/2-1/2"]
[WhiteElo "2531"]
[BlackElo "2272"]
[PlyCount "61"]
[EventDate "2009.09.25"]
[EventType "team-tourn"]
[EventRounds "7"]
[EventCountry "ISL"]
[SourceTitle "EXT 2011"]
[Source "ChessBase"]
[SourceDate "2010.11.26"]
[SourceVersion "1"]
[SourceVersionDate "2010.11.26"]
[SourceQuality "1"]

1. d4 Nf6 2. Nf3 g6 3. c4 Bg7 4. g3 0-0 5. Bg2 d6 6. 0-0 Nc6 7. Nc3 e5 8. d5 Ne7 9. e4 Nd7 10. Ne1 f5 11. Nd3 Nf6 12. Re1 Kh8 13. f4 fxe4 14. Nxe4 Nxe4 15. Bxe4 exf4 16. Bxf4 Ng8 17. Qd2 Nf6 18. Bg2 Bf5 19. c5 Qd7 20. cxd6 cxd6 21. Nf2 Rac8 22. Rac1 Rfe8 23. Qb4 Rxe1+ 24. Rxe1 Rc5 25. Qd2 Rc2 26. Qe3 Rxb2 27. Qxa7 h6 28. h3 g5 29. Bc1 Rc2 30. Be3 Kh7 31. a4 1/2-1/2

[Event "Dos Hermanas Internet qual-C 10th"]
[Site "ICC INT"]
[Date "2009.03.14"]
[Round "4"]
[White "Auger, Michael W"]
[Black "Salama, Omar"]
[Result "1-0"]
[WhiteElo "1904"]
[BlackElo "2272"]
[PlyCount "97"]
[EventDate "2009.03.14"]
[EventType "swiss (blitz)"]
[EventRounds "12"]
[EventCountry "ESP"]
[SourceTitle "CBM 129 Extra"]
[Source "ChessBase"]
[SourceDate "2009.05.05"]
[SourceVersion "2"]
[SourceVersionDate "2009.05.20"]
[SourceQuality "1"]

1. e4 c5 2. c3 Nf6 3. e5 Nd5 4. d4 cxd4 5. cxd4 d6 6. Nf3 dxe5 7. Bc4 Nb6 8. Bb3 exd4 9. 0-0 e6 10. Re1 Nc6 11. Nbd2 Be7 12. Ne4 0-0 13. Bf4 Nd5 14. Be5 Nxe5 15. Nxe5 Nf6 16. Ng5 h6 17. Ngf3 Bc5 18. Rc1 Bb6 19. Nc4 Bc5 20. Nce5 Bb4 21. Re2 Bd7 22. a3 Be7 23. Rd2 Bb5 24. Nxd4 Qb6 25. a4 Ba6 26. Bc4 Rfd8 27. Bxa6 Qxa6 28. Nb5 Rxd2 29. Qxd2 Qxa4 30. Qe2 Nd5 31. g3 Bg5 32. f4 Bf6 33. Nd7 Bd4+ 34. Kg2 Rd8 35. Nc5 Bxc5 36. Rxc5 a6 37. Nc3 Qd4 38. Ne4 Ne3+ 39. Kf3 Nf5 40. Rc3 Qb4 41. Kg4 Nd4 42. Qg2 f5+ 43. Kh3 fxe4 44. Rc7 Nf5 45. g4 Ne3 46. Qg3 Rd3 47. Rc8+ Kh7 48. g5 Nf5 49. g6# 1-0

[Event "Dos Hermanas Internet qual-C 10th"]
[Site "ICC INT"]
[Date "2009.03.14"]
[Round "7"]
[White "Salama, Omar"]
[Black "Wallin, Aleksi"]
[Result "1-0"]
[WhiteElo "2272"]
[BlackElo "1969"]
[PlyCount "43"]
[EventDate "2009.03.14"]
[EventType "swiss (blitz)"]
[EventRounds "12"]
[EventCountry "ESP"]
[SourceTitle "CBM 129 Extra"]
[Source "ChessBase"]
[SourceDate "2009.05.05"]
[SourceVersion "2"]
[SourceVersionDate "2009.05.20"]
[SourceQuality "1"]

1. d4 Nf6 2. c4 g6 3. Nc3 d5 4. cxd5 Nxd5 5. e4 Nxc3 6. bxc3 Bg7 7. Nf3 c5 8. Rb1 0-0 9. Be2 cxd4 10. cxd4 Qa5+ 11. Bd2 Qxa2 12. 0-0 Bg4 13. Bg5 Nc6 14. d5 Bxf3 15. Bxf3 Nd4 16. Bxe7 Rfe8 17. Rxb7 a5 18. Re1 a4 19. e5 a3 20. Qxd4 Rxe7 21. Rxe7 Qb2 22. Qf4 1-0

[Event "Olomouc op"]
[Site "Olomouc"]
[Date "2008.08.06"]
[Round "8"]
[White "Salama, Omar"]
[Black "Jancarik, Joel"]
[Result "1-0"]
[WhiteElo "2212"]
[BlackElo "2024"]
[PlyCount "87"]
[EventDate "2008.07.31"]
[EventType "swiss"]
[EventRounds "9"]
[EventCountry "CZE"]
[SourceTitle "CBM 125 Extra"]
[Source "ChessBase"]
[SourceDate "2008.09.01"]
[SourceVersion "1"]
[SourceVersionDate "2008.09.01"]
[SourceQuality "1"]

1. d4 Nf6 2. c4 e6 3. Nf3 c5 4. g3 b6 5. Bg2 Bb7 6. 0-0 g6 7. Nc3 d6 8. Qd3 Bg7 9. dxc5 bxc5 10. Rd1 0-0 11. Qxd6 Qxd6 12. Rxd6 Ne4 13. Nxe4 Bxe4 14. Ne1 Bxg2 15. Kxg2 Be5 16. Rd1 Na6 17. Nd3 Bg7 18. Be3 Rfc8 19. Rab1 Rab8 20. b3 Bf8 21. Ne5 Rb7 22. Rd2 Nb4 23. Rbd1 Kg7 24. Nd3 a5 25. Nc1 Be7 26. Rd7 Rcc7 27. Rxc7 Rxc7 28. Bf4 Ra7 29. Bb8 Rb7 30. Be5+ Kf8 31. Bc3 Ke8 32. Rd2 Bg5 33. f4 Be7 34. Nd3 Ra7 35. Ne5 Rc7 36. a3 Nc6 37. Nxc6 Rxc6 38. Bxa5 Ra6 39. b4 f5 40. Kf3 h5 41. Ke3 Ra8 42. Kd3 Bf6 43. Kc2 Ke7 44. e3 1-0

[Event "Olomouc op"]
[Site "Olomouc"]
[Date "2008.08.03"]
[Round "4"]
[White "Maslak, Konstantin"]
[Black "Salama, Omar"]
[Result "1/2-1/2"]
[WhiteElo "2521"]
[BlackElo "2212"]
[PlyCount "83"]
[EventDate "2008.07.31"]
[EventType "swiss"]
[EventRounds "9"]
[EventCountry "CZE"]
[SourceTitle "CBM 125 Extra"]
[Source "ChessBase"]
[SourceDate "2008.09.01"]
[SourceVersion "1"]
[SourceVersionDate "2008.09.01"]
[SourceQuality "1"]

1. d4 Nf6 2. c4 g6 3. Nc3 Bg7 4. e4 d6 5. Nf3 0-0 6. h3 c5 7. d5 b5 8. cxb5 a6 9. b6 Nbd7 10. a4 Nxb6 11. a5 Nbd7 12. Be2 Rb8 13. 0-0 Ne8 14. Nd2 Nc7 15. Nc4 Nb5 16. Na4 Nd4 17. Nab6 Nxb6 18. Nxb6 Bb7 19. Bc4 e6 20. Qd3 exd5 21. exd5 Re8 22. Bxa6 Bxa6 23. Qxa6 Nb3 24. Ra2 Nxa5 25. Na4 Nb3 26. Bf4 Be5 27. Bxe5 Rxe5 28. Nc3 Nd4 29. Qd3 Qe7 30. Qd2 Kg7 31. Ra4 Rb3 32. Ra6 Ne2+ 33. Kh1 Nxc3 34. bxc3 Re2 35. Qd3 Qe5 36. f4 Rxc3 37. fxe5 Rxd3 38. exd6 Rxd5 39. Ra7 Rf5 40. Rxf5 gxf5 41. Rc7 Rd2 42. Rxc5 1/2-1/2

[Event "Reykjavik"]
[Site "Reykjavik"]
[Date "2008.07.20"]
[Round "7"]
[White "Salama, Omar"]
[Black "Westerinen, Heikki MJ"]
[Result "1/2-1/2"]
[WhiteElo "2212"]
[BlackElo "2376"]
[PlyCount "72"]
[EventDate "2008.07.16"]
[EventType "tourn"]
[EventRounds "9"]
[EventCountry "ISL"]
[EventCategory "3"]
[SourceTitle "CBM 125 Extra"]
[Source "ChessBase"]
[SourceDate "2008.09.01"]
[SourceVersion "1"]
[SourceVersionDate "2008.09.01"]
[SourceQuality "1"]

1. d4 d5 2. c4 c6 3. cxd5 cxd5 4. Nc3 Nf6 5. Bf4 e6 6. e3 a6 7. Bd3 Nc6 8. Rc1 Bd6 9. Bxd6 Qxd6 10. f4 Qb4 11. Qd2 Bd7 12. Nf3 0-0 13. 0-0 Rac8 14. Ne5 Nxe5 15. fxe5 Ne8 16. Qe2 Qe7 17. e4 Qb4 18. Qf2 dxe4 19. Nxe4 Rxc1 20. Rxc1 Bb5 21. a3 Qe7 22. Bxb5 axb5 23. Rc5 Qd7 24. Qe3 b6 25. Rc2 f6 26. exf6 Nxf6 27. Ng5 e5 28. Rd2 Ng4 29. Qb3+ Kh8 30. Qd3 Qxd4+ 31. Qxd4 exd4 32. Rxd4 Ne3 33. Nf3 Nc4 34. Rd5 Nxb2 35. Rxb5 Nc4 36. Rb4 Nxa3 1/2-1/2